Vista normal
Vista MARC
Entrada Materia (personas)
Número de registros utilizados en: 1
001 - CONTROL NUMBER
- control field: 37344
003 - CONTROL NUMBER IDENTIFIER
- control field: Co-BoUCM
005 - DATE AND TIME OF LATEST TRANSACTION
- control field: 20130514113916.0
008 - FIXED-LENGTH DATA ELEMENTS
- fixed length control field: 130514|| aca||aabn | a|a d
040 ## - CATALOGING SOURCE
- Original cataloging agency: Co-BoUCM
- Transcribing agency: Co-BoUCM
100 ## - HEADING--PERSONAL NAME
- Personal name: Ariza Ruíz, Liani Katerine
670 ## - SOURCE DATA FOUND
- Source citation: Work cat.: (Co-BoUCM)166777: Salud y trabajo en la economía informal en Bogotá, 2012